Normal view
MARC view
- Reznizki, Michal.
Entry Personal Name
001 - CONTROL NUMBER
- control field: 60029
003 - CONTROL NUMBER IDENTIFIER
- control field: OSt
005 - DATE AND TIME OF LATEST TRANSACTION
- control field: 20250127082733.0
008 - FIXED-LENGTH DATA ELEMENTS
- fixed length control field: 240903|| aca||aabn | a|a d
040 ## - CATALOGING SOURCE
- Original cataloging agency: OSt
- Transcribing agency: OSt
100 ## - HEADING--PERSONAL NAME
- Personal name: Reznizki, Michal.
- Relator term: author.
670 ## - SOURCE DATA FOUND
- Source citation: Work cat.: (OSt): Rezniki, Michael. author., What can we learn from the online representation of our graduate programs' curricula? a comprehensive online survey of phd programs in rhetoric and composition /, December 2021.
